| 000 | 00758nam a2200253 a 4500 | ||
|---|---|---|---|
| 005 | 20240924070245.0 | ||
| 008 | 060331s2002 000 eng d | ||
| 020 | _a9870002498 | ||
| 035 | _aUPN01000144953 | ||
| 049 | _aCG | ||
| 050 | 4 |
_aB841 _bN6.6 |
|
| 100 | 1 | _aNouwen, Henri J. M. | |
| 245 | 1 | 0 |
_aPalabra de amor : _bbúsqueda de la sanación integral / _cHenri J. M. Nouwen, Anselm Grün, Thomas Merton. |
| 260 |
_aBuenos Aires : _bLumen, _c2002. |
||
| 300 | _a172 p. | ||
| 440 | 0 |
_aAntología espiritual ; _v1 |
|
| 650 | 4 |
_aESPIRITUALISMO _923062 |
|
| 650 | 2 |
_aEspiritualidad _97223 |
|
| 650 | 4 |
_aConducta de vida _94416 |
|
| 650 | 4 |
_aÉtica _912720 |
|
| 700 | 1 |
_aGrün, Anselm, _ecoaut. |
|
| 700 | 1 |
_aMerton, Thomas, _ecoaut. |
|
| 905 | _aLibro | ||
| 999 |
_c117100 _d117100 |
||